[Event "BEL-ch op"]
[Site "Charleroi"]
[Date "2001.07.??"]
[Round "7"]
[White "Wolf, Pierre"]
[Black "Franc, Emmanuel"]
[Result "0-1"]
[WhiteElo "1922"]
[BlackElo "2077"]
[PlyCount "76"]
[EventDate "2001.07.??"]
[EventType "swiss"]
[EventRounds "9"]
[EventCountry "BEL"]
[SourceTitle "EXT 2003"]
[Source "ChessBase"]
[SourceDate "2002.11.25"]
[SourceVersion "1"]
[SourceVersionDate "2002.11.25"]
[SourceQuality "1"]

1. d4 d5 2. Bg5 h6 3. Bh4 c5 4. dxc5 Nf6 5. Bxf6 exf6 6. e3 Bxc5 7. c3 0-0 8. Bd3 Nc6 9. Ne2 Re8 10. Nd2 Bg4 11. h3 Bh5 12. Nb3 Bb6 13. Qc2 Rc8 14. Nf4 d4 15. a3 dxc3 16. Nxh5 Nd4 17. Nxd4 cxb2 18. Qxb2 Bxd4 19. Qe2 Qa5+ 20. Kf1 Bxa1 21. Kg1 Rc1+ 22. Kh2 Rxh1+ 23. Kxh1 Qxa3 24. Qg4 g6 25. Bxg6 Qc1+ 26. Kh2 Qc7+ 27. g3 fxg6 28. Qxg6+ Kf8 29. Qxh6+ Ke7 30. Nf4 Kd8 31. Qg6 Qd7 32. h4 Be5 33. h5 Bxf4 34. exf4 Qd4 35. Kh3 Qa1 36. h6 Rh8 37. Qg7 Qh1+ 38. Kg4 Qxh6 0-1